|
|
|
|
| LEADER |
00000nab a2200000 ar4500 |
| 001 |
vtls009004018 |
| 003 |
SK-MaSNL |
| 005 |
20260304173343.0 |
| 008 |
070701c19760322xo mr|p|||||||000 b|slo |
| 015 |
|
|
|a SNKBUCL2007/07
|2 snkbucl
|
| 038 |
|
|
|a SNKBUCL
|
| 040 |
|
|
|a SNKBUCL
|b slo
|c SNKBUCL
|e AACR2
|
| 041 |
0 |
|
|a slo
|
| 044 |
|
|
|a xo
|c SK
|
| 080 |
|
|
|a 796.92.093.1
|x (437.6)
|2 2001
|
| 100 |
1 |
|
|a Eidlpes, Karol
|4 aut
|9 943946
|
| 245 |
1 |
0 |
|a Tisícky neznámych víťazov
|b (Tatranský pohár)
|c Karol Eidlpes, Viliam Gretsch
|
| 611 |
2 |
7 |
|a Tatranský pohár v lyžovaní
|n (11. :
|d 1976 :
|c Poprad, Slovensko)
|2 snkbucl
|9 1503727
|
| 650 |
0 |
7 |
|a lyžovanie
|2 snkbucl
|9 3256
|
| 700 |
1 |
|
|a Gretsch, Viliam
|4 aut
|9 896171
|
| 773 |
0 |
|
|t Šport
|g (22.3.1976), s. 1
|
| 852 |
|
|
|a SNK
|b KIS3GCP
|
| 999 |
|
|
|c 3002842
|d 3004772
|